| 000 | 00682nam a2200205Ii 4500 | ||
|---|---|---|---|
| 003 | JO-AjNU | ||
| 008 | 230605s9999||||xx |||||||||||||| ||und|| | ||
| 040 |
_aJO-AjNU _bara _erda _cJO-AjNU |
||
| 041 | _aara | ||
| 050 | 1 | 4 | _aBP191.M83 1984 |
| 100 | 3 |
_aحسن خان، محمد صديق, _eauthor _917210 |
|
| 245 | 0 | 0 | _aخبيئة الأكوان في افتراق الأمم على المذاهب والأديان |
| 250 | _aط1 | ||
| 264 | 3 | 1 | _aبيروت: دار الكتب العلمية، 1984 |
| 300 | _a96ص | ||
| 336 |
_atext _btxt _2rdacontent |
||
| 337 |
_aunmediated _bn _2rdamedia |
||
| 338 |
_avolume _bnc _2rdacarrier |
||
| 650 | 4 |
_aالفرق الاسلامية _917211 |
|
| 999 |
_aA5267 _c8835 _d8835 |
||